| 000 | 00772nam a2200229 a 4500 | ||
|---|---|---|---|
| 008 | |||
| 020 | _a0942364341 (pbk.) | ||
| 049 | _aMAIN | ||
| 090 |
_aHV1596.4 _bNIE |
||
| 100 | 1 | _aNiemann, Sandy. | |
| 245 | 1 | 0 |
_aHelping children who are blind : _bfamily and community support for children with visions problems / _cSandy Niemann and Namita Jacob. |
| 260 |
_aThe Hesperian Foundation : _bBerkeley, _c2000. |
||
| 300 |
_a192 p. : _bill. ; _c25 cm. |
||
| 650 |
_aVisual handicapped children _xServices for. |
||
| 650 | 1 |
_aChildren, Blind _xFamily relationship. |
|
| 700 | _aJacob, Namita. | ||
| 907 |
_a.b10270607 _b26-10-09 _c26-10-09 |
||
| 003 | |||
| 005 | 20230123124959.0 | ||
| 040 | _cNUST | ||
| 942 |
_cBOOKS _kHV1596.4 _mNIE |
||
| 999 |
_c133620 _d133620 |
||